Ostrov /
Ostrov v moři strachu. Pátý případ Holgera Muncha a Mii Krügerové.
Uloženo v:
| Série: | Holger Munch a Mia Krügerová,
část 4 |
|---|---|
| Hlavní autor: | |
| Další autoři: | |
| Médium: | E-kniha |
| Jazyk: | Czech |
| Vydáno: |
Praha :
Kniha Zlin,
2023
|
| Vydání: | Vydání první |
| Edice: | Thrill
|
| Témata: | |
| Příbuzné jednotky: | Z cyklu::
Holger Munch a Mia Krügerová |
| Tagy: |
Žádné tagy |
| LEADER | 02543nam a2200481 i 4500 | ||
|---|---|---|---|
| 001 | 312120 | ||
| 003 | CZ PrSKC | ||
| 005 | 20260601215717.0 | ||
| 007 | ta | ||
| 008 | 231016s2023 xr g 000 f cze | ||
| 015 | |a cnb003555872 | ||
| 020 | |a 9788076625358 |q (vázáno) | ||
| 035 | |a (OCoLC)1416935254 | ||
| 040 | |a ABG001 |b cze |e rda | ||
| 041 | 1 | |a cze |h nor | |
| 072 | 7 | |a 821.11 |x Germánské literatury |2 Konspekt | |
| 080 | |a 821.113.5-31 |2 MRF | ||
| 080 | |a (0:82-312.4) |2 MRF | ||
| 100 | 1 | |a Bjørk, Samuel, |d 1969- |7 mzk2015885488 |4 aut | |
| 240 | 1 | 0 | |a Hitra. |l Česky |
| 245 | 1 | 0 | |a Ostrov / |c Samuel Bjørk ; přeložila Daniela Mrázová |
| 250 | |a Vydání první | ||
| 264 | 1 | |a Praha : |b Kniha Zlin, |c 2023 | |
| 300 | |a 446 stran ; |c 21 cm | ||
| 336 | |a text |b txt |2 rdacontent | ||
| 337 | |a bez média |b n |2 rdamedia | ||
| 338 | |a svazek |b nc |2 rdacarrier | ||
| 490 | 1 | |a Thrill | |
| 500 | |a Přeloženo z norštiny | ||
| 520 | 2 | |a Ostrov v moři strachu. Pátý případ Holgera Muncha a Mii Krügerové. |b Mia se vrátila na ostrov Hitra s úmyslem udělat za svojí policejní kariérou tlustou čáru. Jedenáctiletá Sofie ji však přemluví, aby se pokusila vyřešit záhadné zmizení jejího kamaráda. Místnímu policistovi Eriksenovi zase dělá starost znesvěcený oltářní obraz v kostele. Pátrání po pachateli ho zavede až do vyřazeného člunu, v jehož podpalubí čeká hrůzná podívaná. Na místo je povolán vyšetřovatel Munch. Ustojí malé společenství nejkrásnějšího norského ostrova otřes vyvolaný bestiálními zločiny? Nakladatelská anotace. | |
| 655 | 7 | |a norské romány |7 fd132917 |2 czenas | |
| 655 | 7 | |a detektivní romány |7 fd132010 |2 czenas | |
| 655 | 9 | |a Norwegian fiction |2 eczenas | |
| 655 | 9 | |a detective novels |2 eczenas | |
| 700 | 1 | |a Mrázová, Daniela, |d 1976- |7 js20030929006 |4 trl | |
| 787 | 0 | 8 | |i Z cyklu: |t Holger Munch a Mia Krügerová |g 4 |w (CZ-CtDS)4f9ad965-782f-5d29-b7c6-8d2cd1ee5ace |
| 830 | 0 | |a Thrill | |
| 900 | |a ABA001 |b 21 | ||
| 928 | 9 | |a Albatros Media - Kniha Zlin | |
| 044 | |a xr | ||
| 910 | |a RBIT002 | ||
| 998 | |d 387936 |a https://core.palmknihy.cz/api/books/387936/cover?si5ayi |b https://core.palmknihy.cz/api/books/387936/cover/400?si5ayi |c https://core.palmknihy.cz/api/books/387936/cover/50?si5ayi |e 2028-01-30 |g 456 |i 9788076625358 |j https://core.palmknihy.cz/api/books/387936/preview.epub |k https://core.palmknihy.cz/api/books/387936/preview.pdf |l |q 49 |r 1 |s https://www.palmknihy.cz/kniha/387936 |t ebook |y 2023 |z 0 |v Holger Munch a Mia Krügerová |w 4 | ||
| 999 | |d 312118 | ||